Sports Quiz

Random Sports Quiz

Detroit Lions Stats Quiz Stats

 Plays Quiz not verified by Sporcle

Support Sporcle.
Go Orange.
Score 0/19 Timer 03:00
0 Plays Today
Stat Answer % Correct
Current StadiumFord Field
95.5%
Third StadiumThe Silverdome
87.9%
OwnerWilliam Ford
83.3%
Last Winning Season2000
75.8%
2010 Leading ReceiverCalvin Johnson
75.8%
Last Playoff Appearance1999
74.2%
2010 Season Record6-10
71.2%
2010 Leading PasserShaun Hill
69.7%
ColorsSilver and Honolulu Blue
68.2%
Current Head CoachJim Schwartz
68.2%
Stat Answer % Correct
2010 Sack LeaderNdamukong Suh
66.7%
2010 Leading RusherJahvid Best
60.6%
Date Established1929
43.9%
Second StadiumTiger Stadium
42.4%
2010 INT LeaderAlfonso Smith
42.4%
2010 Leading TacklerLouis Delmas
40.9%
MascotRoary
36.4%
Winningest CoachGeorge Clark
12.1%
First StadiumUniversity of Detroit Stadium
9.1%

You're not logged in!

Compare scores with friends on all Sporcle quizzes.
OR
Log In

From the Vault

Tennessee Cities

by hgk

Tennessee folks just love double letters when naming places.
Remove Ads.
Support Sporcle.
Get the best of Sporcle when you Go Orange. This ad-free experience offers more features, more stats, and more fun while also helping to support Sporcle. Thank you for becoming a member.

Show Comments

Extras

Created Mar 4, 2011ReportNominate
Tags:detroit, Detroit Lions

Top Quizzes Today


Score Distribution

Your Account Isn't Verified!

In order to create a playlist on Sporcle, you need to verify the email address you used during registration. Go to your Sporcle Settings to finish the process.

Report this User

Report this user for behavior that violates our Community Guidelines.

Details: